<?xml version="1.0" encoding="UTF-8"?>
<record
    xmlns:xsi="http://www.w3.org/2001/XMLSchema-instance"
    xsi:schemaLocation="http://www.loc.gov/MARC21/slim http://www.loc.gov/standards/marcxml/schema/MARC21slim.xsd"
    xmlns="http://www.loc.gov/MARC21/slim">

  <leader>03951nam a2200589Ia 4500</leader>
  <controlfield tag="001">6745</controlfield>
  <controlfield tag="008">241029s9999    xx            000 0 und d</controlfield>
  <datafield tag="010" ind1=" " ind2=" ">
    <subfield code="a">6369</subfield>
  </datafield>
  <datafield tag="041" ind1=" " ind2=" ">
    <subfield code="a">Espa&#xF1;ol</subfield>
  </datafield>
  <datafield tag="082" ind1=" " ind2=" ">
    <subfield code="a">FCE-00242</subfield>
  </datafield>
  <datafield tag="245" ind1=" " ind2="0">
    <subfield code="a">Estrategias que Permitan la Integraci&#xF3;n de las Tecnolog&#xED;as de la Informaci&#xF3;n Y Comunicaci&#xF3;n (Tic),Para La Mejora Del Proceso De Ense&#xF1;anza, de las Asignaturas B&#xE1;sicas Del Segundo Ciclo de Educaci&#xF3;n Secundaria, del Liceo Mar&#xED;a Dolores Zeno, A&#xF1;o Escolar 2018-2019. </subfield>
  </datafield>
  <datafield tag="260" ind1=" " ind2=" ">
    <subfield code="a">Santiago</subfield>
  </datafield>
  <datafield tag="300" ind1=" " ind2=" ">
    <subfield code="a">127</subfield>
  </datafield>
  <datafield tag="520" ind1=" " ind2=" ">
    <subfield code="a">71</subfield>
  </datafield>
  <datafield tag="630" ind1=" " ind2=" ">
    <subfield code="a">Acreditaci&#xF3;n</subfield>
  </datafield>
  <datafield tag="630" ind1=" " ind2=" ">
    <subfield code="a">Actitud de los Docentes</subfield>
  </datafield>
  <datafield tag="630" ind1=" " ind2=" ">
    <subfield code="a">Actores Educativos</subfield>
  </datafield>
  <datafield tag="630" ind1=" " ind2=" ">
    <subfield code="a">Tecnolog&#xED;a de la Informaci&#xF3;n y Comunicaci&#xF3;n (TICs)</subfield>
  </datafield>
  <datafield tag="630" ind1=" " ind2=" ">
    <subfield code="a">Tecnolog&#xED;a Educativa</subfield>
  </datafield>
  <datafield tag="650" ind1=" " ind2=" ">
    <subfield code="a">Estrategia de ense&#xF1;anza y de aprendizaje</subfield>
  </datafield>
  <datafield tag="690" ind1=" " ind2=" ">
    <subfield code="a">Sintetizado</subfield>
  </datafield>
  <datafield tag="700" ind1=" " ind2=" ">
    <subfield code="e">asesor</subfield>
    <subfield code="a">Mart&#xED;nez Rivas , Solanlly </subfield>
  </datafield>
  <datafield tag="700" ind1=" " ind2=" ">
    <subfield code="e">autor</subfield>
    <subfield code="a"> Rodr&#xED;guez Botier, Jazm&#xED;n</subfield>
  </datafield>
  <datafield tag="700" ind1=" " ind2=" ">
    <subfield code="e">autor</subfield>
    <subfield code="a"> Almonte Tejada , Abel Mart&#xED;n </subfield>
  </datafield>
  <datafield tag="700" ind1=" " ind2=" ">
    <subfield code="e">autor</subfield>
    <subfield code="a">S&#xE1;nchez Castillo , Jos&#xE9; Rafael</subfield>
  </datafield>
  <datafield tag="901" ind1=" " ind2=" ">
    <subfield code="a">{"1":" Rodr&#xED;guez Botier","2":" Almonte Tejada ","3":"S&#xE1;nchez Castillo "}</subfield>
    <subfield code="b">{"1":"Jazm&#xED;n","2":"Abel Mart&#xED;n ","3":"Jos&#xE9; Rafael"}</subfield>
  </datafield>
  <datafield tag="902" ind1=" " ind2=" ">
    <subfield code="a">1</subfield>
  </datafield>
  <datafield tag="903" ind1=" " ind2=" ">
    <subfield code="a">{"1":"Mart&#xED;nez Rivas "}</subfield>
    <subfield code="b">{"1":"Solanlly "}</subfield>
  </datafield>
  <datafield tag="904" ind1=" " ind2=" ">
    <subfield code="a">Mag&#xED;ster en</subfield>
  </datafield>
  <datafield tag="905" ind1=" " ind2=" ">
    <subfield code="a">Gesti&#xF3;n de tecnolog&#xED;a educativa</subfield>
  </datafield>
  <datafield tag="906" ind1=" " ind2=" ">
    <subfield code="a">1</subfield>
  </datafield>
  <datafield tag="907" ind1=" " ind2=" ">
    <subfield code="a">Menci&#xF3;n en</subfield>
  </datafield>
  <datafield tag="908" ind1=" " ind2=" ">
    <subfield code="a">Gesti&#xF3;n de Tecnolog&#xED;a Educativa</subfield>
  </datafield>
  <datafield tag="909" ind1=" " ind2=" ">
    <subfield code="a">Universidad Abierta para Adultos (UAPA), Recinto Santiago</subfield>
  </datafield>
  <datafield tag="910" ind1=" " ind2=" ">
    <subfield code="a">NULL</subfield>
    <subfield code="b">NULL</subfield>
  </datafield>
  <datafield tag="911" ind1=" " ind2=" ">
    <subfield code="a">["1"]</subfield>
  </datafield>
  <datafield tag="912" ind1=" " ind2=" ">
    <subfield code="a">NO APLICA</subfield>
  </datafield>
  <datafield tag="913" ind1=" " ind2=" ">
    <subfield code="a">NULL</subfield>
  </datafield>
  <datafield tag="914" ind1=" " ind2=" ">
    <subfield code="a">17 de Abril de 2019</subfield>
  </datafield>
  <datafield tag="915" ind1=" " ind2=" ">
    <subfield code="a">03/11/19 08:11</subfield>
  </datafield>
  <datafield tag="916" ind1=" " ind2=" ">
    <subfield code="a">NULL</subfield>
  </datafield>
  <datafield tag="917" ind1=" " ind2=" ">
    <subfield code="a">NULL</subfield>
  </datafield>
  <datafield tag="918" ind1=" " ind2=" ">
    <subfield code="a">NO APLICA</subfield>
  </datafield>
  <datafield tag="919" ind1=" " ind2=" ">
    <subfield code="a">["3","4","7","296","191"]</subfield>
  </datafield>
  <datafield tag="520" ind1=" " ind2=" ">
    <subfield code="a">La presente investigaci&#xF3;n tiene como objetivo general, aplicar estrategias que permitan la integraci&#xF3;n de las tecnolog&#xED;as de la informaci&#xF3;n y la comunicaci&#xF3;n para la mejora del proceso de ense&#xF1;anza en las asignaturas b&#xE1;sicas del segundo ciclo de secundaria del Liceo Mar&#xED;a Dolores Zeno, a&#xF1;o escolar 2018-2019. La metodolog&#xED;a es la de investigaci&#xF3;n acci&#xF3;n. Esta es una investigaci&#xF3;n de tipo cualitativa. El modelo utilizado para la realizaci&#xF3;n de esta investigaci&#xF3;n es el elaborado por Stephen .La realizaci&#xF3;n de esta investigaci&#xF3;n mejor&#xF3; considerablemente la forman en que los docentes participantes integran las tecnolog&#xED;as de la informaci&#xF3;n y la comunicaci&#xF3;n a sus procesos de ense&#xF1;anza. As&#xED; mismo, ayud&#xF3; a reorientar la visi&#xF3;n que ten&#xED;an los docentes participantes de la inclusi&#xF3;n de las TIC en la educaci&#xF3;n, pasando de verlas como un mero recurso para la ense&#xF1;anza a un medio para construir conocimientos. Este proceso de investigaci&#xF3;n sienta las bases para que, el Liceo Mar&#xED;a Dolores Zeno, se integre de manera efectiva en el proyecto de Rep&#xFA;blica Digital Educaci&#xF3;n que a&#xFA;n no ha iniciado en su distrito educativo.Se llegaron a las siguientes conclusiones: Los docentes participantes fueron debidamente motivados y, basados en sus opiniones y la valoraci&#xF3;n positiva que los docentes dieron de los talleres, est&#xE1; evidenciado que est&#xE1;n conscientes de la importancia que tiene la integraci&#xF3;n de las TIC en los procesos de ense&#xF1;anza. Las estrategias de ense&#xF1;anza con las tecnolog&#xED;as de la informaci&#xF3;n y la comunicaci&#xF3;n integradas, fueron muy bien valoradas tanto por los docentes participantes como el equipo investigador. De igual forma, fueron muy bien valoradas, las herramientas tecnol&#xF3;gicas y los softwares educativos. Tanto las estrategias de ense&#xF1;anza con las tecnolog&#xED;as de la informaci&#xF3;n y la comunicaci&#xF3;n integradas, como las herramientas tecnol&#xF3;gicas y los softwares educativos, mejoran de manera significativa los procesos de ense&#xF1;anza.</subfield>
  </datafield>
  <datafield tag="921" ind1=" " ind2=" ">
    <subfield code="a">69</subfield>
  </datafield>
  <datafield tag="922" ind1=" " ind2=" ">
    <subfield code="a">69</subfield>
  </datafield>
  <datafield tag="923" ind1=" " ind2=" ">
    <subfield code="a">1</subfield>
  </datafield>
  <datafield tag="924" ind1=" " ind2=" ">
    <subfield code="a">20191104002214</subfield>
  </datafield>
  <datafield tag="942" ind1=" " ind2=" ">
    <subfield code="c">Tesis</subfield>
  </datafield>
  <datafield tag="999" ind1=" " ind2=" ">
    <subfield code="c">6369</subfield>
    <subfield code="d">6369</subfield>
  </datafield>
</record>
